| 000 | 00605nam 22002053 4500 | ||
|---|---|---|---|
| 001 | 201283 | ||
| 090 | _a201283 | ||
| 100 | _a20230228d u||y0pory50 ba | ||
| 101 | _apor | ||
| 200 |
_aNoces _fAlbert Camus _eles essais |
||
| 210 |
_a[S.l.] _cGallimard _dD.L. 1950 |
||
| 215 |
_a101, [4] p. _cBrochado _d19 cm |
||
| 300 | _aAssinatura do Prof. Dr. Almeida faria na folha de guarda | ||
| 606 |
_97 _aLiteratura Francesa |
||
| 610 | _aEm lĂngua francesa | ||
| 675 |
_a821.133.1-3 _vFR _zfra |
||
| 700 |
_91322 _aCamus _bAlbert _f1913-1960 |
||
| 801 |
_aPT _bBMMN _gRPC |
||
| 830 |
_cAna Falardo _fAna Falardo |
||
| 990 | _cLIVROS | ||